Vista normal
Vista MARC
Entrada Personal Name
Número de registros utilizados en: 1
001 - CONTROL NUMBER
- control field: 17739
003 - CONTROL NUMBER IDENTIFIER
- control field: DLC
005 - DATE AND TIME OF LATEST TRANSACTION
- control field: 20251126104222.0
008 - FIXED-LENGTH DATA ELEMENTS
- fixed length control field: 050928n| azannaabn |a aaa
010 ## - LIBRARY OF CONGRESS CONTROL NUMBER
- LC control number: nb2005014341
035 ## - SYSTEM CONTROL NUMBER
- System control number: (Uk)006291776
040 ## - CATALOGING SOURCE
- Original cataloging agency: Uk
- Language of cataloging: spa
- Description conventions: rda
- Transcribing agency: Mx-PuUPA
- Modifying agency: DLC
- Modifying agency: Mx-PuUPA
046 ## - SPECIAL CODED DATES
- Birth date: 19661121
100 1# - HEADING--PERSONAL NAME
- Personal name: Cope, Andrew,
- Dates associated with a name: 1966-
370 ## - ASSOCIATED PLACE
- Place of birth: Inglaterra
374 ## - OCCUPATION
- Occupation: Autor
- Occupation: Profesor
375 ## - GENDER
- Gender: hombre
377 ## - ASSOCIATED LANGUAGE
- Language code: eng
400 1# - SEE FROM TRACING--PERSONAL NAME
- Personal name: Cope, Andy,
- Dates associated with a name: 1966-
670 ## - SOURCE DATA FOUND
- Source citation: Spy dog, 2005:
- Information found: t.p. (Andrew Cope) prelim. (born 1966 in Derby, this is his first book)
670 ## - SOURCE DATA FOUND
- Source citation: The art of being brillant, 2012:
- Information found: ECIP t.p. (Andy Cope)
670 ## - SOURCE DATA FOUND
- Source citation: Be brilliant every day, 2014:
- Information found: eCIP t.p. (Andrew Cope) data view screen (b. 11/21/66)